Statistics for Historical Figures

Click here to take the quiz!

General Stats

  • This quiz has been taken 15 times
  • The average score is 5 of 9

Answer Stats

HintAnswer% Correct
Most famous playwright ever(Romeo and Juliet)William Shakespeare
93%
Macedonian king who conquered
Ancient Greece, Egypt and Persia
Alexander the Great
87%
Communist Soviet LeaderJoseph Stalin
87%
Crossed the Delaware On ChristmasGeorge Washington
80%
US President during the Louisiana Purchase(1803)Thomas Jefferson
73%
Corsican dictatorNapoleon Bonaparte
67%
The opposite of the aboveJesus
40%
Most famous Anti-Christ everAdolf Hitler
20%
The Sun King(ruled 72 years)King Louis the Sixteenth
0%

Score Distribution

Percentile by Number Answered

Percent of People with Each Score

Your Score History

You have not taken this quiz